[Event "Manizales op 21st"]
[Site "Manizales"]
[Date "2009.01.09"]
[Round "3"]
[White "Cardona Marin, Fabio"]
[Black "Aguilar, Luisa Fernanda"]
[Result "1-0"]
[WhiteElo "2132"]
[BlackElo "1638"]
[PlyCount "34"]
[EventDate "2009.01.08"]
[EventType "swiss"]
[EventRounds "7"]
[EventCountry "COL"]
[SourceTitle "CBM 128 Extra"]
[Source "ChessBase"]
[SourceDate "2009.03.05"]
[SourceVersion "2"]
[SourceVersionDate "2009.03.25"]
[SourceQuality "1"]

1. e4 c5 2. Nf3 Nc6 3. Bb5 a6 4. Bxc6 dxc6 5. h3 Nf6 6. d3 e6 7. Nbd2 Be7 8. a4 Qa5 9. 0-0 b5 10. b3 Bb7 11. Bb2 0-0 12. axb5 Qxb5 13. Nc4 Nd7 14. Ra5 Rfd8 15. Rxb5 axb5 16. Na5 Bc8 17. Nxc6 Re8 1-0